Novela y sociedad en Galdós (1870-1878) / (Record no. 193334)

MARC details
000 -LEADER
campo de control de longitud fija 01534nam a2200409 i 4500
001 - NÚMERO DE CONTROL
campo de control 193334
003 - IDENTIFICADOR DE NÚMERO DE CONTROL
campo de control SpMaBN
005 - FECHA Y HORA DE LA ÚLTIMA TRANSACCIÓN
campo de control 20240830194205.0
007 - CAMPO FIJO DE DESCRIPCIÓN FÍSICA--INFORMACIÓN GENERAL
campo de control de longitud fija ta
008 - DATOS DE LONGITUD FIJA--INFORMACIÓN GENERAL
campo de control de longitud fija 231102s1996 sp | ||| ||spa
016 7# - NÚMERO DE CONTROL DE UNA AGENCIA BIBLIOGRÁFICA NACIONAL
Número de control del registro bimoBNE19972090168
Fuente SpMaBN
017 ## - NÚMERO DE COPYRIGHT O DE DEPÓSITO LEGAL
Número de copyright o de depósito legal SA 712-1996
Agencia que asigna Oficina Depósito Legal Cantabria
020 ## - NÚMERO INTERNACIONAL ESTÁNDAR DEL LIBRO
Número Internacional Estándar del Libro 8489013152
035 ## - NÚMERO DE CONTROL DEL SISTEMA
Número de control de sistema (OCoLC)733713734
035 ## - NÚMERO DE CONTROL DEL SISTEMA
Número de control de sistema Mimo0000726596
040 ## - FUENTE DE CATALOGACIÓN
Centro catalogador/agencia de origen SpMaBN
Lengua de catalogación spa
Centro/agencia transcriptor SpMaBN
Normas de descripción rdc
Centro/agencia modificador Es-MaACL
080 ## - NÚMERO DE LA CLASIFICACIÓN DECIMAL UNIVERSAL
Número de la Clasificación Decimal Universal 821.134.2 Pérez Galdós, Benito 2.06
100 1# - ENTRADA PRINCIPAL--NOMBRE DE PERSONA
Nombre de persona Rebollo Sánchez, Félix
Número de control del registro de autoridad o número normalizado XX1126269
Término indicativo de función/relación Autor
9 (RLIN) 95713
245 10 - MENCIÓN DEL TÍTULO
Título Novela y sociedad en Galdós (1870-1878) /
Mención de responsabilidad, etc. Féliz Rebollo Sánchez.
260 ## - PUBLICACIÓN, DISTRIBUCIÓN, ETC.
Lugar de publicación, distribución, etc. Santander :
Nombre del editor, distribuidor, etc. Tantín,
Fecha de publicación, distribución, etc. [1996]
300 ## - DESCRIPCIÓN FÍSICA
Extensión 75 páginas ;
Dimensiones 24 cm
336 ## - TIPO DE CONTENIDO
Fuente rdacontent
Término de tipo de contenido Texto
337 ## - TIPO DE MEDIO
Fuente rdamedia
Nombre/término del tipo de medio sin mediación
338 ## - TIPO DE SOPORTE
Fuente rdacarrier
Nombre/término del tipo de soporte volumen
490 1# - MENCIÓN DE SERIE
Mención de serie Biblioteca San Quintín ;
Designación de volumen o secuencia 5
500 ## - NOTA GENERAL
Nota general Índice
500 ## - NOTA GENERAL
Nota general Cronología galdosiana
600 14 - PUNTO DE ACCESO ADICIONAL DE MATERIA--NOMBRE DE PERSONA
Nombre de persona Pérez Galdós, Benito,
Fechas asociadas al nombre 1843-1920-
Subdivisión general Crítica e interpretación
Fuente del encabezamiento o término embne
9 (RLIN) 90875
830 ## - PUNTO DE ACCESO ADICIONAL DE SERIE-TÍTULO UNIFORME
Título uniforme Biblioteca San Quintín ;
Designación de volumen o secuencia 5
9 (RLIN) 234485
852 ## - LOCALIZACIÓN
Ubicación ES-MaACL
Sublocalización o colección R.154764
itemnumber 200780
Ubicación en estantería Depósito J
Número de control de estantería N-9520
Donativo/Legado Donación: Félix Rebollo Sánchez
Encuadernación Encuadernación rústica con solapas
903 ## - NOMBRE PERSONAL DE DONANTE
a Rebollo Sánchez, Félix
e Donante
9 95713
942 ## - ELEMENTOS DE ENTRADA SECUNDARIOS (KOHA)
Suprimir en OPAC No
Tipo de ítem Koha Libro impreso
Holdings
Estatus retirado Estado de pérdida Fuente del sistema de clasificación o colocación Estado de daño No para préstamo Biblioteca de origen Biblioteca actual Ubicación en estantería Fecha de adquisición Fuente de adquisición Número de control de estantería Total de préstamos Signatura topográfica completa Código de barras Visto por última vez Tipo de ítem Koha
    Clasificación decimal universal     Biblioteca del Ateneo de Madrid Biblioteca del Ateneo de Madrid Depósito J 02/11/2023 Donación Ateneísta   N-9520 101206092 02/11/2023 Libro impreso